00650nam a2200217Ia 4500003000900000008004100009020000700050040001600057080001600073100002400089245002700113260003500140300000900175490005300184650001900237650001600256650001900272942000700291999001500298952011900313IN-BaIIA211028s9999 xx 000 0 eng d aNO cIIA Library a533.27bPEN aPenman, H. L.94620 0aHumiditycH. L. Penman aLondonbChapman and Hallc1955 a71p. aThe Institute of Physics Monographs for Students aHumidity94621 aMeteorology aNASA Thesaurus cBK c2600d2600 00102ddc4070aBANbKODcGENd1966-03-30g3.35l0o533.27/ PENp2903r2021-11-05v3.35w1966-03-30yBKGRs. 3.35